000 00699nam a2200205 a 4500
001 000040649
005 20201002034257.0
008 130904s2011 sp 000 0 spa d
020 _a9788498791853
040 _aDO-SdBNP
_bspa
_cBNPHU
082 _axxx
_bxxx
100 1 _aKüng, Hans
_967007
245 1 3 _aLo que yo creo. /
_cHans Küng; traducción, José Manuel Lozano-Gotor.
260 _aMadrid, :
_bTrotta,
_c2011.
300 _a254 p. ;
_c23 cm.
490 1 _aEstructuras y procesos
_aReligión
500 _aIncluye datos biografícos del autor en la solapa de la contracubierta
700 1 _aLozano-Gotor, José Manuel
_etrad.
_967008
830 0 _aEstructuras y procesos
_dReligión
_967009
999 _c40139
_d40139